Prevalence of Coconut leaf Beetle ( Brontispa Longissima) and Extent of Damage in Selected Areas of Davao del Sur. (Record no. 6399)
[ view plain ]
| 000 -LEADER | |
|---|---|
| fixed length control field | 00671nam a22001577a 4500 |
| 008 - FIXED-LENGTH DATA ELEMENTS--GENERAL INFORMATION | |
| fixed length control field | 170309b xxu||||| |||| 00| 0 eng d |
| 082 ## - DEWEY DECIMAL CLASSIFICATION NUMBER | |
| Edition number | 2016 |
| Classification number | UT 0726 |
| Item number | C11 |
| 100 ## - MAIN ENTRY--PERSONAL NAME | |
| 9 (RLIN) | 19316 |
| Personal name | Caballero, Sol Kharlyle C. |
| 245 ## - TITLE STATEMENT | |
| Title | Prevalence of Coconut leaf Beetle ( Brontispa Longissima) and Extent of Damage in Selected Areas of Davao del Sur. |
| Statement of responsibility, etc. | Sol Kharlyle C. Caballero, rexylla MAe P. Morales and Joann Rae D. Chiu. |
| 300 ## - PHYSICAL DESCRIPTION | |
| Extent | 54 pages; |
| Other physical details | 29 cm. |
| 650 #0 - SUBJECT ADDED ENTRY--TOPICAL TERM | |
| 9 (RLIN) | 19317 |
| Topical term or geographic name as entry element | Education |
| Form subdivision | Biological Science |
| General subdivision | Undergraduate Thesis. |
| 700 ## - ADDED ENTRY--PERSONAL NAME | |
| 9 (RLIN) | 19318 |
| Personal name | Caballero, Sol Kharlyle C. |
| 700 ## - ADDED ENTRY--PERSONAL NAME | |
| 9 (RLIN) | 19319 |
| Personal name | Morales, Rexylla Mae P. |
| 700 ## - ADDED ENTRY--PERSONAL NAME | |
| 9 (RLIN) | 19320 |
| Personal name | Chiu, Joann Rae D. |
| 942 ## - ADDED ENTRY ELEMENTS (KOHA) | |
| Source of classification or shelving scheme | Dewey Decimal Classification |
| Koha item type | Undergraduate Thesis |
| Withdrawn status | Lost status | Source of classification or shelving scheme | Damaged status | Not for loan | Home library | Current library | Date acquired | Total Checkouts | Full call number | Barcode | Date last seen | Price effective from | Koha item type |
|---|---|---|---|---|---|---|---|---|---|---|---|---|---|
| Dewey Decimal Classification | UM Digos College - LIC | UM Digos College - LIC | 11/07/2016 | UT 0726 C11 2016 | UT0726 | 03/09/2017 | 03/09/2017 | Undergraduate Thesis |
